
Library Catalogue

| 000 -LEADER | |
|---|---|
| fixed length control field | 02043nam a22002177a 4500 |
| 003 - CONTROL NUMBER IDENTIFIER | |
| control field | OSt |
| 005 - DATE AND TIME OF LATEST TRANSACTION | |
| control field | 20260519144419.0 |
| 008 - FIXED-LENGTH DATA ELEMENTS--GENERAL INFORMATION | |
| fixed length control field | 190814b2017 ||||| |||| 00| 0 eng |
| 020 ## - INTERNATIONAL STANDARD BOOK NUMBER | |
| International Standard Book Number | 9780199474684 (hbk.) |
| 082 ## - DEWEY DECIMAL CLASSIFICATION NUMBER | |
| Classification number | 338.9009 HAQ |
| 245 ## - TITLE STATEMENT | |
| Title | Critical global thought : |
| Remainder of title | economic growth with social justice / |
| Statement of responsibility, etc. | Collected writings of Mahabub ul Haq, edited by Khadija Haq. |
| 260 ## - PUBLICATION, DISTRIBUTION, ETC. | |
| Place of publication, distribution, etc. | New Delhi : |
| Name of publisher, distributor, etc. | Oxford University Press, |
| Date of publication, distribution, etc. | 2017. |
| 300 ## - PHYSICAL DESCRIPTION | |
| Extent | xxvi, 296 p. ; |
| Dimensions | 24 cm. |
| 505 ## - Contents | |
| Contents | 1. Formulating a Development Strategy in Pakistan; 2. Preparation of Pakistan's Third Five Year Plan; 3. National Development Plans and Regional Trade; 4. Policies for Government Controls in Pakistan; 5. An Analysis of Tied Credits; 6. Foreign Assistance: Some Critical Issues; 7. Investment in Scientific Research8. Mismanagement of Pakistan's Economy and Choices for the 1970s;<br/>9. Development, Employment, and Income Distribution;10. The Crisis in Development Strategies; 11. Industrialization and Trade Policies in the 1970s: Developing Country Alternatives; 12. Third World and the Old Economic Order; 13. Kev Elements of the New International Economic Order; 14. Pakistan's 22 Families15. Personal Reflections on the World of the 1990s; 16. Four Proposals for a Sane Global Food Order; 17. The World Bank in the 1980s; 18. Proposal for an IMF Debt Refinancing Subsidiary; 19. UNCTAD VII: Compulsions for a New Beginning; 20. Global Economic Management in the 1990s 21. United Nations' Role in Human Development 22. Development Requires New Models; 23. Triumph of the Human Spirit; 24. The Future of North-South Relations; 25. Goals for the World Summit for Social Development; 26. Human Destiny Is a Choice; 27. A Prescription for Beijing; 28. Human Development Paradigm for South Asia; 29. Human Securitv for South Asia; |
| 650 ## - SUBJECT ADDED ENTRY--TOPICAL TERM | |
| Topical term or geographic name entry element | Social justice - developing countries |
| 650 ## - SUBJECT ADDED ENTRY--TOPICAL TERM | |
| Topical term or geographic name entry element | Economic development -- social aspects |
| 650 ## - SUBJECT ADDED ENTRY--TOPICAL TERM | |
| Topical term or geographic name entry element | International relations. |
| 700 ## - ADDED ENTRY--PERSONAL NAME | |
| Personal name | Haq, Mahabub ul |
| 700 ## - ADDED ENTRY--PERSONAL NAME | |
| Personal name | Haq, Khadija |
| 942 ## - ADDED ENTRY ELEMENTS (KOHA) | |
| Source of classification or shelving scheme | Dewey Decimal Classification |
| Koha item type | BOOKs |
| Withdrawn status | Lost status | Source of classification or shelving scheme | Materials specified (bound volume or other part) | Damaged status | Not for loan | Home library | Current library | Shelving location | Date acquired | Source of acquisition | Coded location qualifier | Total Checkouts | Full call number | Barcode | Date last seen | Price effective from | Koha item type |
|---|---|---|---|---|---|---|---|---|---|---|---|---|---|---|---|---|---|
| Dewey Decimal Classification | HB | NLS | NLS | General Stacks | 14/08/2018 | Purchased | MPPSECTION | 338.9009 HAQ | 36420 | 14/08/2019 | 14/08/2019 | BOOKs |